Yungblud - War - All lyrics - Statistics

General Stats
  • This quiz has been taken 22 times
    18 since last reset
  • The average score is 146 of 215
Answer Stats
Answer % Correct
a
100%
be
100%
I
100%
the
100%
ya?
100%
you
100%
you,
100%
in
89%
see
89%
But
78%
do
78%
do,
78%
to
78%
when
78%
beauty
67%
every
67%
face
67%
fake
67%
fall?
67%
get
67%
liar
67%
one
67%
time
67%
try
67%
up
67%
wanna
67%
we
67%
We
67%
are
56%
around
56%
could
56%
cover
56%
don't
56%
down
56%
down?
56%
Everybody
56%
For
56%
for
56%
I'll
56%
inspired
56%
Is
56%
it
56%
let
56%
look
56%
my
56%
start
56%
again
44%
Again
44%
And
44%
been
44%
did
44%
does
44%
have
44%
loves
44%
of
44%
out
44%
revolution,
44%
same
44%
speak
44%
them
44%
then
44%
thought
44%
turn
44%
way
44%
were
44%
always
33%
another
33%
better
33%
bleed
33%
break
33%
falling
33%
(Falling)
33%
ground
33%
happy
33%
hit
33%
I'm
33%
inside
33%
Just
33%
Oh,
33%
scar
33%
without
33%
blood
22%
breath
22%
calling
22%
(Calling)
22%
drop
22%
make
22%
now
22%
soon,
22%
stop
22%
wasted
22%
wish
22%
No matching quizzes found
Score Distribution
Percent of People with Each Score
Percentile by Number Answered
Your Score History
You have not taken this quiz since the last reset